[Event "IMSA Rapid Women 2019"]
[Site "Hengshui"]
[Date "2019.05.15"]
[Round "5.13"]
[White "Ushenina, Anna"]
[Black "Harika, Dronavalli"]
[Result "1/2-1/2"]
[WhiteElo "2442"]
[BlackElo "2492"]
[Annotator "TA"]
[PlyCount "180"]
[EventDate "2019.05.14"]
[EventType "rapid"]
[EventCountry "CHN"]
[SourceTitle "playchess.com"]
[Source "ChessBase"]
[SourceQuality "1"]

{[%evp 21,180,35,52,50,46,43,77,36,58,60,52,56,61,72,58,66,67,39,33,23,43,31,35,0,3,0,5,-3,17,13,12,30,98,87,79,8,25,19,18,18,94,29,39,31,31,33,34,0,0,0,0,0,0,0,0,0,2,3,3,3,3,0,0,0,0,-189,-8,-52,0,0,0,0,0,0,0,0,8,8,87,91,120,111,115,106,114,122,122,122,172,63,312,308,291,258,383,289,308,301,297,297,248,233,367,357,441,435,391,368,768,75,109,118,186,29,79,22,22,20,20,0,8,14,14,0,8,8,79,79,88,88,88,88,616,0,8,8,8,8,1,0,111,40,56,31,811,797,726,0,0,0,0,0,0,0,0,0,0,0,0,0,0]} 1. d4 f5 2. g3 Nf6 3. Bg2 g6 4. Nf3 Bg7 5. O-O O-O 6. c4 d6 7. Nc3 Qe8 8. b3 e5 9. dxe5 dxe5 10. e4 Nc6 11. Nd5 Qd7 12. exf5 {A87: Dutch Defence: Leningrad System: 5 Nf3} e4 13. Nh4 (13. Ng5 gxf5 14. Rb1 Nxd5 15. cxd5 Nd4 16. Be3 c5 17. Qh5 h6 18. Bxd4 cxd4 19. Ne6 Rf7 {1-0 (31) Gupta,A (2613)-Bajarani,U (2551) Al Ain 2015}) 13... gxf5 14. Nf4 {White is better.} Ng4 $146 ({Predecessor:} 14... Rd8 15. Qxd7 Bxd7 16. Bb2 Re8 17. Bh3 Ne7 18. Rad1 Rad8 19. Ba3 Ng6 20. Nhxg6 hxg6 21. Nxg6 {1-0 (50) Pogonina,N (2457)-Trapeznikova,D (2087) Sochi 2018}) 15. Rb1 Qxd1 16. Rxd1 Bd4 17. Rd2 Bc3 18. Rc2 Be5 19. h3 Nf6 20. Be3 a5 21. Rd2 a4 22. Nd5 axb3 23. axb3 Nxd5 24. cxd5 Nd8 25. Bf1 f4 26. gxf4 Bf6 (26... Bxf4 $11 27. Bg2 Bxe3 28. fxe3 Nf7) 27. Ng2 Bxh3 28. Bd4 (28. Rc1 $16) 28... Kh8 29. Re1 Bxd4 30. Rxd4 Bf5 (30... c6 $11 {remains equal.}) 31. Ne3 (31. Nh4 $1 $16) 31... Bg6 $11 32. f5 Bxf5 33. Nxf5 Rxf5 34. Rexe4 Nf7 35. Bh3 Rf6 {And now ...Ng5 would win.} 36. Rf4 Ra1+ 37. Kg2 Rg6+ 38. Rg4 Ng5 39. Rc4 c6 40. dxc6 bxc6 41. Rc5 h6 42. Rc3 Ra2 43. Kf1 $2 {[#]} (43. Rcc4 $11 {and White is okay.}) 43... Rf6 $2 ({Black should play} 43... Nxh3 $1 $19 {[%mdl 512]} 44. Rxg6 (44. Rxh3 Rxg4) 44... Ra1+ 45. Ke2 Nf4+ {[%mdl 64] Double Attack} 46. Kd2 Nxg6 47. Rxc6 Kg7) 44. f4 Ne4 (44... Rd6 $15 45. Ke1 Ra1+ 46. Ke2 Re6+ 47. Re3 Rxe3+ 48. Kxe3 Nxh3) 45. Re3 Ng5 (45... Nf2 {feels hotter.} 46. Rg2 Rxf4 47. Re8+ Kh7 48. Re7+ Kh8) 46. Bg2 {Threatening Re8+.} Ne6 47. Bxc6 Ra1+ 48. Kf2 Ra2+ 49. Kg3 Ra7 (49... h5 $11 50. Rh4 Rg6+ 51. Kh3 Nxf4+ 52. Rxf4 Rxc6) 50. Bd5 $16 Ng7 51. Kf3 Rd7 52. Bc4 Rd8 53. Rd3 Rdf8 54. Rd7 Nf5 55. Bd3 (55. b4 $18) 55... R6f7 $2 (55... Rb6 $1 $14) 56. Rxf7 $18 Rxf7 {[%mdl 4096] Endgame KRB-KRN} 57. Ke4 Ng7 (57... Rf8 $142 58. b4 Rd8) 58. Bc4 Re7+ 59. Kd5 Nf5 60. Kc5 Rc7+ 61. Kb6 Rc8 (61... Rd7 $142 62. Kc5 Rc7+ 63. Kb4 Ne3) 62. Be6 Rb8+ 63. Kc7 Rf8 64. b4 Nd4 $2 (64... Ne3) 65. Bd5 $2 (65. f5 $18 {is the precise move to win.} Nb5+ 66. Kd7) 65... h5 66. Rh4 Rf5 (66... Kg7 $16) 67. Bc4 $2 (67. Bc6 $1 $18) 67... Kg7 68. Kb6 ({White should try} 68. Bd3 $16 Rd5 69. f5 Nxf5 70. Rxh5) 68... Nf3 $11 69. Rh3 Rxf4 70. Kc5 h4 71. b5 {[%cal Bb4b5,Bb5b6][%mdl 32] Strongly threatening b6.} Ng5 72. Rh1 Ne4+ 73. Kc6 Nf2 (73... Nc3 $11 74. Rg1+ Kf6) 74. Rc1 $16 h3 {[#]} 75. b6 $1 {[%cal Rb6b7] aiming for b7.} h2 {Threatens to win with ...Rxc4+!} 76. Bd5 {Hoping for b7.} Nd3 $2 {[%mdl 8192] [#]} (76... Rf6+ $16 77. Kc7 Nd3) 77. Rb1 $2 (77. b7 $1 $18 {[%cal Rb7b8]} Rf8 78. Ra1) 77... Rf6+ 78. Kc7 Nc5 79. Rc1 Rf5 80. Bh1 Rf7+ (80... Nb3 $11 {keeps the balance.}) 81. Kc6 (81. Kd6 $16 Na6 82. b7) 81... Nb3 82. Rb1 Na5+ $2 {[%mdl 8192]} (82... Rf6+ $14 83. Kb5 Rf5+ 84. Kb4 Nc5) 83. Kb5 $18 Rf5+ 84. Ka6 $2 (84. Kb4 $18 Kf6 85. Ra1) 84... Nc4 $1 $11 {The position is equal.} 85. Ka7 Ra5+ 86. Kb7 Rg5 {White must now prevent ...Rg1.} 87. Rb4 Nxb6 88. Kxb6 Rg1 89. Bc6 h1=Q 90. Bxh1 Rxh1 {Accuracy: White = 55%, Black = 39%.} 1/2-1/2

[Event "IMSA Rapid Women 2019"]
[Site "Hengshui"]
[Date "2019.05.15"]
[Round "5.14"]
[White "Lei, Tingjie"]
[Black "Tan, Zhongyi"]
[Result "1/2-1/2"]
[WhiteElo "2507"]
[BlackElo "2513"]
[Annotator "TA"]
[PlyCount "217"]
[EventDate "2019.05.14"]
[EventType "rapid"]
[EventCountry "CHN"]
[SourceTitle "playchess.com"]
[Source "ChessBase"]
[SourceQuality "1"]

{[%evp 9,217,13,19,0,4,0,0,2,0,6,2,10,17,8,6,0,0,0,10,0,0,-10,14,0,0,7,4,13,61,0,9,8,32,39,47,29,35,24,22,18,24,23,23,27,48,16,6,6,10,16,17,0,0,0,25,2,20,16,104,100,146,0,0,0,0,0,0,0,0,0,0,0,0,0,0,0,0,0,0,0,0,0,0,0,0,0,0,0,0,0,0,-29966,-29967,-29967,-29968,-29971,-29972,-29971,-29972,-29972,-29973,-29980,-29981,-29981,-29981,-29981,-29982,-29980,-29983,-29983,-29984,-29984,-29985,-29985,-29986,-29986,-29987,-29987,-29975,-29975,-29976,-29976,-29977,-29974,0,0,0,0,0,0,0,0,0,0,0,0,0,0,0,0,0,0,0,0,0,0,0,0,0,0,0,0,0,0,0,0,0,0,0,0,0,0,0,0,0,0,0,0,0,0,0,0,0,0,0,0,0,0,0,0,0,0,0,0,0,0,0,0,0,0,0,0,0,0,0,0,0,0,0,0,0,0,0,0,0,0,0,0,0,0]} 1. e4 e5 2. Nf3 Nc6 3. Bb5 Nf6 4. O-O Nxe4 5. Re1 Nd6 6. a4 {C67: Ruy Lopez: Berlin Defence: 4 0-0 Nxe4} (6. Nxe5 Be7 7. Bf1 Nxe5 8. Rxe5 O-O 9. d4 Bf6 10. Re1 Re8 11. c3 Rxe1 12. Qxe1 Ne8 13. d5 c6 14. Qd1 b6 15. Bf4 Bb7 16. dxc6 dxc6 17. Nd2 c5 18. Nc4 Qxd1 19. Rxd1 {½-½ (40) Anand,V (2774)-Caruana,F (2819) Karlsruhe/Baden Baden 2019}) 6... Be7 7. Nc3 O-O 8. d4 e4 9. Nxe4 Nxe4 10. Rxe4 d5 11. Re1 Bg4 12. c3 $146 ({Predecessor:} 12. Bxc6 bxc6 13. h3 Bh5 {½-½ (35) Kollars,D (2540)-Rostgaard,T (2416) Esbjerg 2018}) 12... Bd6 13. Be3 Ne7 14. Be2 c6 15. h3 Bh5 16. Ne5 Bxe2 17. Qxe2 f6 18. Nd3 Re8 19. Qf3 (19. Bf4 $14 Nf5 20. Qg4 Rxe1+ 21. Rxe1) 19... Qd7 20. Bf4 Ng6 21. Bxd6 Qxd6 22. a5 Nf8 23. g3 Ne6 24. h4 Re7 25. Re3 Rae8 26. Rae1 Nf8 27. Nf4 Rxe3 28. Rxe3 Rxe3 29. Qxe3 Kf7 30. b4 Qe7 31. Qf3 Qe1+ 32. Kh2 Ne6 33. Nd3 Qd2 (33... Qa1 $11 {keeps the balance.}) 34. Ne5+ $16 Ke7 {[#]} 35. Ng4 (35. a6 $1 $16 {[%cal Ra6b7][%mdl 512]} bxa6 36. Nxc6+ {[%mdl 64] Double Attack} Kd6 37. Nxa7) 35... h5 36. Ne3 g6 37. Ng2 Kf7 38. Kg1 a6 39. Nf4 Nxf4 40. gxf4 $11 {[%mdl 4096] Endgame KQ-KQ} f5 41. Qe3 Qd1+ 42. Kg2 Qg4+ 43. Qg3 Ke6 44. f3 Qxg3+ 45. Kxg3 {KP-KP} Kd6 46. Kf2 Kc7 47. Ke3 b6 48. Kd3 bxa5 49. bxa5 Kd6 50. c4 $2 {[%mdl 8192] [#]} (50. Ke3 $11) 50... c5 $1 51. Kc3 Kc6 52. Kd3 {[#]} dxc4+ $1 53. Kxc4 cxd4 {[%mdl 64] Overworked Piece} 54. Kxd4 Kb5 55. Ke5 Kxa5 56. Kf6 Kb4 57. Kxg6 a5 58. Kxf5 {K3P-KPP} a4 59. Ke6 a3 60. f5 a2 61. f6 a1=Q 62. f7 Qg7 63. Ke7 Qe5+ 64. Kd7 {[#]} Qf6 $1 65. Ke8 Qe6+ 66. Kf8 Kb5 $2 (66... Kc5 {mates} 67. Kg7 Qe5+ 68. Kg8 Qg3+ {[%mdl 64] Double Attack} 69. Kh7 Qxf3 70. Kg8 Kd6 71. f8=Q+ Qxf8+ 72. Kxf8 Ke6 73. Kg8 Kf5 74. Kg7 Kg4 75. Kh6 Kxh4 76. Kg6 Kg4 77. Kh6 h4 78. Kg6 h3 79. Kf6 h2 80. Ke7 h1=Q 81. Kd6 Kf4 82. Kc5 Qe4 83. Kb5 Qd5+ 84. Ka6 Ke5 85. Ka7 Kd6 86. Kb6 Qb3+ 87. Ka5 Kc6 88. Ka6 Qb6#) 67. Kg7 {The position is equal.} Qe5+ 68. Kg8 $1 Qg3+ 69. Kh7 Qxf3 70. Kg7 Qg4+ 71. Kh7 Qb4 72. Kg8 Qxh4 73. f8=Q {KQ-KQ} Qg5+ 74. Kh7 h4 (74... Kc6 $5 {[%cal Rh5h4]}) 75. Qf3 Kc5 {Strongly threatening ...Qg3.} 76. Qa3+ Kd4 77. Qb2+ Ke4 {White must now prevent ...Qh5+.} 78. Qc2+ Kf3 79. Qd1+ Kg2 80. Qe2+ Kg3 {And now ...Qf5+ would win.} 81. Qe1+ Kh2 82. Qf2+ Kh3 83. Qf3+ Qg3 84. Qh1+ Kg4 {Threatens to win with ...Qd3+.} 85. Qe4+ Qf4 86. Qg2+ Kf5 {aiming for ...Qe4.} 87. Qd5+ Qe5 88. Qf3+ Kg5 89. Qg2+ Qg3 90. Qd5+ Kf6 {[%csl Gf6][%cal Rg3g7]} 91. Qd4+ Kf5 92. Qd5+ Qe5 93. Qf3+ Ke6 94. Qc6+ Ke7 95. Qb7+ Kd8 96. Qa8+ Kc7 97. Qa7+ Kc8 98. Qa6+ Kd8 99. Qa8+ Ke7 100. Qb7+ Kf6 101. Qc6+ Qe6 102. Qc3+ Kg5 103. Qd2+ Kg4 (103... Kf5 $5 104. Qf2+ $8 {[%mdl 64] Double Attack} Ke5 105. Qe3+ Kd6 106. Qd4+ Qd5 107. Qxh4 Qe5 $11) 104. Qd1+ Kf4 {Hoping for ...Qf5+.} 105. Qf1+ Kg5 106. Qc1+ Kf6 107. Qh6+ {[%mdl 64] Double Attack} Kf7 108. Qh5+ Kf8 {( -> ...Qg8+)} 109. Qxh4 {Accuracy: White = 67%, Black = 56%.} 1/2-1/2

[Event "IMSA Rapid Women 2019"]
[Site "Hengshui"]
[Date "2019.05.15"]
[Round "5.15"]
[White "Bodnaruk, Anastasia"]
[Black "Krush, Irina"]
[Result "1/2-1/2"]
[WhiteElo "2431"]
[BlackElo "2422"]
[Annotator "TA"]
[PlyCount "119"]
[EventDate "2019.05.14"]
[EventType "rapid"]
[EventCountry "CHN"]
[SourceTitle "playchess.com"]
[Source "ChessBase"]
[SourceQuality "1"]

{[%evp 22,119,0,0,0,0,20,1,20,-41,-42,-43,-38,-43,0,0,0,0,0,-52,-14,-86,-87,-97,-71,-79,-79,-293,-282,-284,-242,-187,-125,-136,-125,-860,-272,-302,-300,-308,-285,-804,-208,-202,-207,-277,-288,-276,-291,-109,-31,-33,-36,-59,-14,-67,-8,-10,0,0,0,0,0,0,0,0,0,0,0,0,0,0,0,0,0,-135,-8,-8,0,0,0,0,0,0,0,0,0,0,0,0,0,0,0,0,0,0,0,0,0,0]} 1. e4 c5 2. Nf3 d6 3. d4 cxd4 4. Nxd4 Nf6 5. Nc3 Nc6 6. Bc4 e6 7. Be3 a6 8. Qe2 Qc7 9. Bb3 Na5 10. O-O-O b5 11. f3 Nxb3+ 12. axb3 ({Avoid the trap} 12. cxb3 $2 b4 $19) 12... Be7 {B89: Sicilian: Velimirovic Attack} 13. g4 b4 14. Na4 Nd7 15. g5 (15. Qd2 $11) 15... Nc5 $15 16. Kb1 Bd7 17. h4 Bxa4 (17... g6 18. h5 e5 19. hxg6 fxg6 20. Qc4 exd4 21. Bxd4 Be6 22. Qxb4 O-O 23. Qc3 Qb7 24. Bxc5 dxc5 {0-1 (32) Nisipeanu,L (2647)-Popov,I (2599) Moscow 2012}) 18. bxa4 Nxa4 19. h5 O-O 20. f4 (20. g6 $11 Rfc8 21. h6 fxg6 22. hxg7 (22. Nxe6 Qb7 $11)) 20... Rfb8 $146 ({Predecessor:} 20... Rab8 21. Nb3 Rfc8 22. Rh2 a5 23. g6 Bf6 24. Bd4 e5 {0-1 (24) Arning,N-Schoen,W Germany 1993}) 21. Nb3 (21. g6 $11 Bf6 22. gxf7+ Qxf7 23. h6) 21... a5 $1 $17 {[%cal Ba6a5,Ba5a4][%mdl 32]} 22. g6 {And now gxf7+ would win.} Bf6 $40 {[%mdl 128] White is in trouble.} ({Wrong is} 22... hxg6 $2 23. hxg6 Bf6 24. Qh2 $18) 23. gxf7+ Kxf7 24. Bc1 $2 {[#]} (24. e5 $17 dxe5 25. h6) 24... Nc3+ $1 $19 {[%mdl 512]} 25. bxc3 a4 26. Nd4 bxc3+ (26... Bxd4 $1 $19 27. cxd4 b3 28. cxb3 axb3) 27. Ka2 $17 Bxd4 $1 28. Rxd4 $4 {[%mdl 8192] [#]} (28. Ba3 $17 e5 29. h6) 28... Qb6 $2 (28... a3 $1 {[%mdl 512]} 29. Qc4 (29. Bxa3 Rb2+) 29... Qb6) 29. Ba3 $19 Qxd4 30. Rd1 Qb6 31. f5 $2 {[#]} (31. Qd3) 31... Qa6 $2 (31... Qb3+ $1 {[%mdl 512]} 32. cxb3 axb3+ 33. Kb1 Rxa3 34. fxe6+ Ke7) 32. fxe6+ {[#]} Kg8 $1 33. Qxa6 Rxa6 34. Bxd6 {[%mdl 4096] Endgame KRR-KRB} Re8 35. e7 $2 (35. e5 $19 Rxe6 36. Ka3) 35... Rxd6 (35... Kf7 $17 36. Ka3 g6 37. hxg6+ hxg6 38. Rf1+ Ke6) 36. Rxd6 $15 Rxe7 $17 {KR-KR} 37. Rd4 $1 Rb7 38. Rxa4 (38. Ka3 $11) 38... Rb2+ ({Better is} 38... Rb5 $15) 39. Ka3 $11 Rxc2 40. Kb3 Rh2 41. Kxc3 Rxh5 42. Kd4 Rb5 43. e5 Kf7 44. Ke4 h5 45. Ra7+ Kg6 46. Ra6+ Kg5 47. Ra7 g6 48. Rh7 {[#]} (48. Ra2 $11 {remains equal.}) 48... Ra5 ({Black should play} 48... Rb8 $1 $17 49. Rf7 Re8) 49. Rf7 $1 {The position is equal.} Ra1 50. e6 Re1+ 51. Kd5 h4 {aiming for ...Kg4.} 52. Rh7 Kg4 {Threatens to win with ...g5.} 53. Kd6 g5 54. e7 Kg3 {Strongly threatening ...h3.} 55. Rh6 {Re6 is the strong threat.} Rxe7 56. Kxe7 h3 57. Kf6 g4 58. Kf5 h2 59. Rxh2 Kxh2 60. Kxg4 {Accuracy: White = 52%, Black = 44%.} 1/2-1/2

[Event "IMSA Rapid Women 2019"]
[Site "Hengshui"]
[Date "2019.05.15"]
[Round "5.16"]
[White "Paehtz, Elisabeth"]
[Black "Khotenashvili, Bela"]
[Result "1/2-1/2"]
[WhiteElo "2470"]
[BlackElo "2476"]
[Annotator "TA"]
[PlyCount "189"]
[EventDate "2019.05.14"]
[EventType "rapid"]
[EventCountry "CHN"]
[SourceTitle "playchess.com"]
[Source "ChessBase"]
[SourceQuality "1"]

{[%evp 16,189,13,5,11,14,30,32,39,39,37,37,35,36,33,30,45,48,45,38,44,42,44,41,49,33,80,68,78,48,263,249,284,62,100,49,47,-55,-64,-64,-60,-52,-61,-63,-49,-50,-30,-42,-29,-43,-8,-51,-43,-55,-40,-62,-39,-51,-51,-58,-47,-47,-49,-60,-34,-49,2,-13,-12,-128,-25,-128,-93,-136,-139,-133,-53,-102,-102,-110,-58,-66,-43,-66,-10,-8,0,-25,-16,-20,-13,-12,0,0,0,0,0,-2,-6,-6,-7,-7,0,0,0,0,60,72,151,147,161,148,153,85,99,125,109,125,123,92,109,45,47,25,47,118,121,0,0,0,144,0,0,0,0,-550,-544,-517,-516,-569,0,0,0,-545,-518,-695,-502,-453,0,0,0,0,0,0,0,0,0,0,0,0,0,0,0,0,0,0,0,0,0,0,0,0,0,0,0,0]} 1. d4 Nf6 2. Nf3 g6 3. Bg5 Bg7 4. Nbd2 d5 5. e3 O-O 6. c3 Nbd7 7. Be2 b6 8. O-O Bb7 9. b4 Re8 {D03: 1 d4 d5 2 Nf3 Nf6 3 Bg5, including Torre Attack with early ...d5} 10. a4 a5 11. b5 e5 {White is slightly better.} 12. dxe5 (12. Rc1 Qe7 13. h3 Rad8 14. Qc2 Rc8 15. Bh4 Qf8 16. Qb3 h6 17. Rfd1 exd4 18. cxd4 {½-½ (69) Eljanov,P (2702)-Nepomniachtchi,I (2723) Poikovsky 2013}) 12... Nxe5 13. Nxe5 Rxe5 14. Nf3 Re8 15. Nd4 Qd7 $146 ({Predecessor:} 15... h6 16. Bh4 g5 17. Bg3 {1-0 (41) Peter,C (2020)-Gschwendtner,S (2010) Bayern 1995}) 16. Bxf6 Bxf6 17. Bf3 Rad8 18. Qb3 Qd6 19. Rfd1 h5 20. Rd2 Qe5 21. Rad1 Rd6 22. Qc2 c5 $2 (22... Ba8 $14) 23. bxc6 $1 $18 Bxc6 24. Qb3 $2 (24. Nxc6 $18 Rxc6 25. Bxd5) 24... Bd7 25. Ne2 (25. Nb5 $1 $16 {[%cal Rb5d6]} Bxb5 26. Qxb5) 25... Rd8 $1 $14 26. Bxd5 (26. Nf4 $14) 26... Bxa4 $1 $15 27. Qxa4 Rxd5 28. Nd4 Qc7 29. Qb3 R5d6 30. h3 Qc5 31. Rb1 Rc8 32. Qa4 Qc4 33. Qa3 Be7 {And now ...Rxd4 would win.} 34. Qa1 Kg7 35. Rdb2 Bd8 36. Rb3 Rc5 37. Qb2 Rf6 38. Qd2 Bc7 39. Nb5 Be5 (39... Rd5 $5 {[%cal Rd5d2]} 40. Nd4 h4 $11) 40. f4 Bb8 (40... Rd5 $15 41. Nd4 Bc7) 41. Qd4 (41. Na3 $5 {[%cal Ra3c4]} Qa6 42. c4 $11) 41... Qe6 {Strongly threatening ...Rd5.} 42. Qd2 (42. Qd3 $1 $11 {was the only way to keep the balance.}) 42... Qe4 (42... g5 $1 $17 {[%cal Rg5f4]} 43. Nd4 Qe4) 43. Nd4 (43. Qd4 $11 {remains equal.} Rc4 44. Qxe4 Rxe4 45. Kf2) 43... Bc7 44. Rb5 Rxb5 45. Rxb5 Rd6 ({Black should play} 45... Bd6 $1 $17 46. Qe2 a4) 46. Qe2 Rd7 47. Kf2 Re7 (47... a4 $1 $17) 48. Rb2 Re8 ({Inferior is} 48... Bxf4 49. exf4 Qxf4+ 50. Qf3 $16) (48... Bd8 {looks sharper.} 49. Rd2 Re8 50. Qf3 Qe7 51. g3 a4) 49. Qf3 Qxf3+ ({Black should try} 49... Qe7 $15) 50. Kxf3 {[%mdl 4096] Endgame KRB-KRN} Rc8 51. Nb5 Bd8 52. e4 Be7 53. Ke3 h4 54. Kd3 Rd8+ 55. Nd4 Bc5 56. Kc4 a4 57. Ra2 Ra8 58. Nf3 Re8 59. e5 a3 60. Nxh4 g5 (60... Be3 $11) 61. Nf5+ $14 Kg6 (61... Kf8 $142) 62. Nd6 $16 Ra8 63. f5+ $1 Kg7 {[#]} 64. Kd5 (64. g4 $142 $1) 64... Ra5 65. Kc6 Bg1 66. Nb5 Bc5 67. g4 Kf8 68. c4 (68. Nd4 $16) 68... Ra8 $14 69. Nd6 Ke7 70. Ne4 {[%mdl 64] Double Attack} Be3 71. Nd6 (71. Nc3 $16 Bd4 72. Nd5+ Kf8 73. e6 (73. Nxb6 Ra5 $16)) 71... Bc5 $11 72. Nb5 Rc8+ (72... Kf8 $1 $11) 73. Kd5 (73. Kb7 $16 Rd8 {[#]} 74. Nd6 $1 {[%mdl 512]} (74. Nxa3 Rd7+ 75. Ka6 Rd4 $16)) 73... Rd8+ 74. Ke4 Rd1 75. Nxa3 $2 {[%mdl 8192]} (75. f6+ $11 {and White is okay.} Ke6 76. Nc7+ Kd7 77. Na6) 75... Rd4+ $19 76. Kf3 Rd3+ {[%mdl 64] Double Attack} 77. Ke4 Rd4+ 78. Kf3 $1 Rd3+ {[%mdl 64] Double Attack} 79. Ke4 $1 {[%cal Re4d3]} Rxa3 80. Rxa3 Bxa3 {KB-KP} 81. Kd5 f6 $2 ({Better is} 81... Bb2 $19 {Threatens to win with ...Bc3.} 82. Ke4 Ba1) 82. e6 $1 $11 {The position is equal.} Bc5 83. Kc6 $1 Kd8 84. Kb7 $1 Ke8 85. Kc7 Ke7 86. Kc6 Bf2 87. Kc7 Ke8 88. Kc6 Kd8 89. Kb7 $1 Bc5 90. Kb8 $1 Ke7 91. Kc7 Bf2 92. Kc6 Bc5 93. Kc7 Bf2 94. Kc6 Bc5 95. Kc7 {Accuracy: White = 51%, Black = 50%.} 1/2-1/2

[Event "IMSA Rapid Women 2019"]
[Site "Hengshui"]
[Date "2019.05.15"]
[Round "6.9"]
[White "Stefanova, Antoaneta"]
[Black "Gunina, Valentina"]
[Result "0-1"]
[WhiteElo "2470"]
[BlackElo "2506"]
[Annotator "TA"]
[PlyCount "82"]
[EventDate "2019.05.14"]
[EventType "rapid"]
[EventCountry "CHN"]
[SourceTitle "playchess.com"]
[Source "ChessBase"]
[SourceQuality "1"]

{[%evp 9,82,9,20,4,15,2,34,28,41,30,51,52,58,61,64,53,70,46,103,91,100,81,127,106,106,122,147,102,104,102,182,167,184,180,180,178,195,211,386,204,194,82,70,40,28,29,96,10,20,6,1,0,0,0,0,0,0,0,0,-8,-5,-218,-222,-217,-211,-242,-240,-312,-310,-273,-283,-985,-958,-863,-863]} 1. Nf3 d5 2. g3 c6 3. Bg2 Bg4 4. O-O ({Predecessor:} 4. h3 Bh5 5. d3 Nd7 6. c4 e6 7. O-O Bd6 8. Nc3 Ne7 9. cxd5 cxd5 10. e4 O-O {1-0 (34) Morozov,N (2437)-Ioannidis,E (2369) Paleochora 2017}) 4... Nd7 5. d3 e6 6. h3 {A07: Réti Opening: New York and Capablanca Systems} Bh5 7. e4 Bd6 8. exd5 {White is slightly better.} cxd5 9. c4 Ne7 10. Nc3 O-O 11. cxd5 $146 (11. g4 Bg6 12. Nh4 Nb6 13. a4 dxc4 14. Nxg6 hxg6 {1-0 (71) Adly,A (2626)-Karjakin,S (2753) St Petersburg 2018}) 11... Nxd5 12. Nxd5 exd5 13. Qb3 Nb6 (13... Nf6 $14) 14. a4 $16 a5 15. Be3 Bb4 16. Nd4 Rc8 17. Rfc1 Qf6 18. Nb5 (18. Bxd5 Rcd8 $17) 18... h6 19. Bd4 Qe6 (19... Qd8 $16) 20. Nc7 $18 Qd6 {[#]} 21. Bxb6 $1 {[%mdl 64] Overworked Piece} ({Don't blunder} 21. Nxd5 $2 Rxc1+ 22. Rxc1 Nxd5 $19) 21... Qxb6 22. Nxd5 Qe6 {[#]} 23. Rc4 $1 Bc5 $2 (23... Rxc4 {was worth a try.} 24. dxc4 Bc5) 24. Rac1 (24. Nf4 $142 Qf5 25. Qxb7) 24... Bd6 25. Nb6 (25. Qb6 $18 {has better winning chances. And now Rxc8 would win.} Ra8 26. Nc7 (26. Qxb7 Rab8 $16) 26... Bxc7 27. Qxe6 (27. Qxc7 Bg6 $18) 27... fxe6 28. Rxc7) 25... Rcd8 $16 26. d4 (26. Qb5 $5 {[%cal Rb5h5]} Bg6 27. Rd1 $14 (27. Qxa5 Bxd3 28. Rd4 Qe2 $14)) 26... Be2 27. R4c3 Qf6 (27... Bb4 $11 28. Qxe6 fxe6) 28. Nd5 (28. Re1 $16 Ba6 29. Re4) 28... Qxd4 $11 29. Qxb7 Qxa4 30. Rc8 {Threatening Rxd8.} Rxc8 31. Rxc8 Qd1+ 32. Kh2 {Threatens to win with Qa8.} Qd4 33. Rxf8+ Bxf8 34. Qb8 {Intending Ne7+ and mate.} g6 35. Qb6 $2 (35. Ne3 $11 {and White stays safe.}) 35... Qxb6 $19 36. Nxb6 {[%mdl 4096] Endgame KBB-KBN} Bc5 {[%mdl 64] Double Attack} 37. Nd7 Bxf2 38. Bd5 Bd4 39. b3 Kg7 40. g4 $2 (40. Kg2) 40... Bb5 41. Nb8 Be5+ {[%mdl 64] Double Attack. Accuracy: White = 40%, Black = 56%.} 0-1

[Event "IMSA Rapid Women 2019"]
[Site "Hengshui"]
[Date "2019.05.15"]
[Round "6.10"]
[White "Abdumalik, Zhansaya"]
[Black "Dzagnidze, Nana"]
[Result "1-0"]
[WhiteElo "2464"]
[BlackElo "2510"]
[Annotator "TA"]
[PlyCount "95"]
[EventDate "2019.05.14"]
[EventType "rapid"]
[EventCountry "CHN"]
[SourceTitle "playchess.com"]
[Source "ChessBase"]
[SourceQuality "1"]

{[%evp 12,94,23,11,9,19,43,27,31,-82,57,53,50,65,68,61,62,18,20,15,35,-51,-36,-108,-102,-115,-40,-104,-91,-97,-82,-151,-163,-129,-88,-93,-18,-17,-17,-17,-15,-21,-18,-22,-14,-29,-30,-28,-20,-21,-7,-16,-14,-29,-10,-8,-8,-118,-110,-167,-177,-259,-249,-285,-296,-319,-304,-374,-370,-355,-135,-116,-119,-104,-75,-70,-69,-84,0,0,53,52,29998,29999,29999]} 1. e4 e6 2. d4 d5 3. Nc3 Bb4 4. e5 c5 5. a3 Ba5 6. b4 cxd4 7. Qg4 Kf8 {C18: French: 3 Nc3 Bb4: Main line: 7 h4 and 7 Qg4} 8. Nb5 Bc7 (8... Bb6 9. Nf3 Nc6 10. Bb2 Nge7 11. Bd3 Ng6 12. Qg3 f6 13. Bxg6 hxg6 14. Nbxd4 Nxe5 15. Nxe5 fxe5 {½-½ (24) Grischuk,A (2766)-Mamedyarov,S (2801) Saint Louis 2018}) 9. Nf3 Nc6 {White has an edge.} 10. Bf4 (10. Qg3 $14 {keeps the upper hand.}) 10... f5 $146 ({Black should play} 10... h5 $17 11. Qg3 a5) ({Predecessor:} 10... Nge7 11. Bd3 Ng6 12. Bxg6 hxg6 13. Rb1 a6 14. Nbxd4 Nxd4 15. Nxd4 Rh5 16. Nf3 Bd7 17. Rb3 a5 18. Ng5 Bxe5 19. Nxf7 Kxf7 20. Bxe5 Rxe5+ 21. Kd1 Qf6 22. Rf1 axb4 {0-1 (22) Arpa Pardo,E-Rojano Cano,F Aviles 1991}) 11. exf6 $14 Nxf6 12. Bxc7 Nxg4 13. Bxd8 Nxd8 14. h3 ({Don't play} 14. Nfxd4 Bd7 $11) 14... Nf6 15. Nbxd4 Nf7 16. g4 (16. Nb3 $14) 16... a5 17. Rb1 (17. bxa5 $15 e5 18. Nb3) 17... axb4 $17 18. axb4 Bd7 (18... e5 $17 19. Nb5 Bd7) 19. Nb3 (19. Bg2 $15) 19... b6 20. c4 Ke7 21. Nfd2 (21. c5 $142) 21... Ra4 22. Nd4 h5 23. g5 {[#]} Nxg5 (23... Ne4 $1 $17 {[%cal Re4d2]} 24. Nxe4 dxe4) 24. Rg1 $11 Nf7 {Threatens to win with ...g5.} 25. Rxg7 Rg8 26. Rxg8 Nxg8 27. cxd5 exd5 28. Bb5 Bxb5 29. Nxb5 {White wants to play Nc3.} Nf6 30. Ke2 Ne5 31. Nc3 Ra8 32. Ke3 Nc6 {aiming for ...d4+.} 33. Kd3 Ra3 34. Kc2 (34. b5 $11 Ne5+ 35. Kd4 {[%mdl 64] Double Attack}) 34... d4 $17 35. Nb5 (35. Nce4 $17) 35... Rxh3 $19 36. Nc4 (36. Kb2 {might work better.}) 36... Nd5 37. Re1+ Kf6 38. Kd2 Ncxb4 39. Ncd6 Rd3+ 40. Kc1 Rf3 $2 (40... h4 $19 41. Ne4+ Kf5 42. Ned6+ Kf6 43. Ne4+ Kf5 44. Ned6+ Kg5) 41. Ne4+ $17 Kg6 {And now ...Nd3+ would win.} 42. Rg1+ Kh6 {Hoping for ...Rf4.} 43. Nxd4 Rf4 44. f3 Nf6 (44... Nd3+ $17 45. Kb1 Ne5) 45. Ne6 $11 Rxf3 ({Better is} 45... Nd3+ $11 46. Kc2 Nb4+ 47. Kc1 Nd3+ 48. Kc2 Nb4+ 49. Kc1) 46. N4g5 $1 $14 {[%cal Rg5f7] Intending Nf7+ and mate.} Ra3 $2 {[%mdl 8192] [#]} (46... Rc3+ $14 47. Kb2 Rc2+ 48. Kb3 Ng4) 47. Nf7+ Kh7 48. Rg7# {Accuracy: White = 45%, Black = 43%.} 1-0